000 00312 a2200109 4500
001 ART_26200
005 20260410161936.0
008 260409a
245 1 0 _aAnálisis económico para la equidad
100 1 _aRodríguez Enríquez, Corina
773 0 _tSaberEs
_g- Nº 2 (jun. 2010)
_wREV26089
999 _c29092
_d29092